期刊信息 |
| 索取号 |
C5/ABSH
|
| 题名 |
阿坝师专学报
|
| 作者 |
该报编辑部
|
| 分册号 |
|
| 分册名 |
|
| 出版地 |
四川
|
| 出版者 |
该报编辑部
|
| 标准刊号 |
|
| 出版频率 |
|
| 中图法分类 |
C5
|
| 主题词 |
社会科学 丛书; 社会科学 文集; 社会科学 连续出版物
|
| 电子资源 | |
| |
|
| 000 | 01019nas002200313 45 | |
| 005 | 20070322094149.17 | |
| 021 | @aCN@b川03-007 | |
| 091 | @aCN@b51-00 | |
| 092 | @b61- | |
| 100 | @a19960731a19 ma y1chi 0121 eb | |
| 101 | 0 | @achi |
| 102 | @aCN@b510000 | |
| 106 | @ae | |
| 110 | @acfaz 0yu0 | |
| 200 | 10 | @a阿坝师专学报@AA Ba Shi Zhuan Xue Bao@f该报编辑部@FGAI BAO BIAN JI BU |
| 205 | @a综合版 | |
| 210 | @a四川@b四川省汶川县威州镇(邮码:632000)@c该报编辑部@d1985~ | |
| 215 | @d40cm | |
| 330 | @a中共阿坝师专委员会教育性报纸.积极宣传党的教育方针,报道学校师生员工学习,教学,科研情况. 读者对象是本校师员工. | |
| 540 | 1 | @a阿坝 师专 报@AA Ba Shi Zhuan Bao |
| 606 | 0 | @a社会科学@x丛书 |
| 606 | 0 | @a社会科学@x文集 |
| 606 | 0 | @a社会科学@x连续出版物 |
| 610 | 0 | @a阿坝师专@a教育@a宣传 |
| 690 | @aC5@v4 | |
| 701 | 0 | @a王大庄@AWang Da Zhuang@4总编辑 |
| 711 | 02 | @a中共阿坝师专党委宣传部@AZhong Gong A Ba Shi Zhuan Dang Wei Xuan Chuan Bu@4主办 |
| 801 | 0 | @bPFT@c20070322 |
| 905 | @a1@dC5@eABSH@y19 | |
| 阿坝师专学报/该报编辑部.-综合版.-四川(四川省汶川县威州镇(邮码:632000)):该报编辑部,1985~ |
| 40cm |
| 中共阿坝师专委员会教育性报纸.积极宣传党的教育方针,报道学校师生员工学习,教学,科研情况. 读者对象是本校师员工. |
| ● |
| 相关链接: |
|
|
|
|